| 000 | 03637cam a2200553 i 4500 | ||
|---|---|---|---|
| 001 | 23824263 | ||
| 003 | BJBSDDR | ||
| 005 | 20250728121419.0 | ||
| 006 | a|||||r|||| 00| 0 | ||
| 007 | ta | ||
| 008 | 240813s2024 nyua rb 001 0 eng d | ||
| 010 | _a 2024402855 | ||
| 020 | _a9781668031384 (hardcover) | ||
| 020 | _a1668031388 (hardcover) | ||
| 020 |
_z9781668031438 _q(ebook) |
||
| 035 | _a23824263 | ||
| 035 | _a(OCoLC)1405188193 | ||
| 040 |
_aYDX _beng _erda _cYDX _dBDX _dGK8 _dOCLCO _dDLC _dDLC |
||
| 041 | _aeng | ||
| 042 | _alccopycat | ||
| 043 | _an-us--- | ||
| 050 | 1 | 4 |
_aU 390 _bS525u 2024 |
| 082 | 0 | 4 | _a355.07 |
| 100 | 1 |
_aShah, Raj M., _d1984- _942989 |
|
| 245 | 1 | 0 |
_aUnit X : _bhow the Pentagon and Silicon Valley are transforming the future of war / _cRaj M. Shah and Christopher Kirchhoff. |
| 246 | 3 | 0 | _aHow the Pentagon and Silicon Valley are transforming the future of war |
| 250 | _aFirst Scribner hardcover edition. | ||
| 264 | 1 |
_aNew York : _bScribner, _c2024. |
|
| 300 |
_axiii, 319 pages, 8 unnumbered pages of plates : _billustrations (chiefly color) ; _c24 cm |
||
| 336 |
_atext _btxt _2rdacontent |
||
| 337 |
_aunmediated _bn _2rdamedia |
||
| 338 |
_avolume _bnc _2rdacarrier |
||
| 504 | _aIncludes bibliographical references (pages 255-265) and index. | ||
| 505 | 0 | _aIntroduction: slow burn Unit X Zeroized The gonkulator A new kill chain for North Korea Unit X loses the X Washington and the rise of the machines Venture capital goes to war Ukraine and the battlefield of the future From steel to silicon | |
| 520 |
_a"A riveting inside look at an elite unit within the Pentagon--the Defense Innovation Unit (DIU), also known as Unit X--whose mission is to bring Silicon Valley's cutting-edge technology to America's military: from the two men who launched the unit. Until recently, the Pentagon was known for its uncomfortable relationship with Silicon Valley and for slow-moving processes that acted as a brake on innovation. Unit X was specifically designed as a bridge to Valley technologists that would accelerate bringing state of the art software and hardware to the battle space. Given authority to cut through red tape and function almost as a venture capital firm, Shah, Kirchhoff, and others in the Unit who came after were tasked particularly with meeting immediate military needs with technology from Valley startups rather than from so-called "primes"--behemoth companies like Lockheed, Raytheon, and Boeing. Taking us inside AI labs, drone workshops, and battle command centers--and, also, overseas to Ukraine's frontlines--Shah and Kirchhoff paint a fascinating picture of what it takes to stay dominant in a fast-changing and often precarious geopolitical landscape" -- _cGoodreads. |
||
| 610 | 1 | 0 |
_aUnited States. _bDefense Innovation Unit. |
| 610 | 1 | 4 |
_aEstados Unidos. _bUnidad de Innovación de Defensa (DIU) _943715 |
| 650 | 0 |
_aMilitary art and science _xTechnological innovations _zUnited States. |
|
| 650 | 4 |
_aArte y ciencia militar _xInnovaciones tecnológicas _zEstados Unidos _940293 |
|
| 650 | 0 |
_aMilitary-industrial complex _zUnited States. |
|
| 650 | 4 |
_aComplejos militares industriales _zEstados Unidos _941903 |
|
| 650 | 0 |
_aDefense industries _xTechnological innovations _zUnited States. |
|
| 650 | 4 |
_aIndustrias de defensa _xInnovaciones tecnológicas _zEstados Unidos _943716 |
|
| 700 | 1 |
_aKirchhoff, Christopher, _d1979- _942990 |
|
| 906 |
_a7 _bcbc _ccopycat _d2 _encip _f20 _gy-gencatlg |
||
| 942 |
_2lcc _cBK |
||
| 946 | _iLLH | ||
| 999 |
_c124033 _d124033 |
||